Collaborative principles for better supply chain practice (Record no. 116263)
[ view plain ]
| 000 -LEADER | |
|---|---|
| fixed length control field | 01071cam a22002295a 4500 |
| 001 - CONTROL NUMBER | |
| control field | L160181 |
| 008 - FIXED-LENGTH DATA ELEMENTS--GENERAL INFORMATION | |
| fixed length control field | 181011s2018 xxk f 000 0 eng d |
| 020 ## - INTERNATIONAL STANDARD BOOK NUMBER | |
| International Standard Book Number | 9780749480493 |
| 035 ## - SYSTEM CONTROL NUMBER | |
| System control number | (Sirsi) u160181 |
| 041 0# - LANGUAGE CODE | |
| Language code of text/sound track or separate title | eng |
| 050 04 - LIBRARY OF CONGRESS CALL NUMBER | |
| Classification number | 692.8 |
| 100 1# - MAIN ENTRY--PERSONAL NAME | |
| Personal name | McLennan, Norman |
| 245 #i - TITLE STATEMENT | |
| Title | Collaborative principles for better supply chain practice |
| Remainder of title | Value creation up, down and across supply chains |
| 260 ## - PUBLICATION, DISTRIBUTION, ETC. | |
| Place of publication, distribution, etc. | London |
| Name of publisher, distributor, etc. | Kogan Page |
| Date of publication, distribution, etc. | 2018 |
| 300 ## - PHYSICAL DESCRIPTION | |
| Extent | xix, 267p ; 24 cm |
| 520 ## - SUMMARY, ETC. | |
| Summary, etc. | Discusses the rationale for collaborative business practices across the supply chain. looks at what drives the supply chain, highlights importance of stakeholder engagement, and compares commercial risk and pricing considerations associated with collaborative working versus traditional contracting arrangements. Concludes with 4 cases studies of exemplar historical collaborative practice and 4 of current exemplar collaborative practice. |
| 650 24 - SUBJECT ADDED ENTRY--TOPICAL TERM | |
| Topical term or geographic name entry element | SUPPLY CHAIN |
| 650 24 - SUBJECT ADDED ENTRY--TOPICAL TERM | |
| Topical term or geographic name entry element | COLLAPSE |
| 651 #4 - SUBJECT ADDED ENTRY--GEOGRAPHIC NAME | |
| Geographic name | United Kingdom |
| 690 ## - LOCAL SUBJECT ADDED ENTRY--TOPICAL TERM (OCLC, RLIN) | |
| Topical term or geographic name as entry element | Business and management |
| 942 ## - ADDED ENTRY ELEMENTS (KOHA) | |
| Suppress in OPAC | 0 |
| Source of classification or shelving scheme | Dewey Decimal Classification |
| Withdrawn status | Lost status | Source of classification or shelving scheme | Damaged status | Not for loan | Home library | Current library | Shelving location | Date acquired | Total Checkouts | Full call number | Barcode | Date last seen | Copy number | Price effective from | Koha item type |
|---|---|---|---|---|---|---|---|---|---|---|---|---|---|---|---|
| Dewey Decimal Classification | London | London | Books | 11/10/2018 | 658 MCL | 30079708 | 06/08/2019 | 1 | 06/08/2019 | Book |